000 00765nam a2200253 a 4500
001 BRCA_7565
005 20190320205905.0
008 070613s1948----sp-a######---#000-0#spa-#
041 _aspa
044 _asp
050 4 _aN6415
_b.W45 1948
100 1 _aWeisbach, Werner
_918662
245 1 0 _ael barroco
_barte de la contrarreforma
_cWerner Weisbach ; traducción y ensayo preliminar de Enrique Lafuente Ferrari.
250 _a2
260 _aMadrid
_bEspasa-Calpe
_c1948
300 _a329 p.
_bil., 117 láminas
_c28 cm.
500 _aIncluye índice de ilustraciones
500 _aS46
650 1 4 _aArte barroco
_93994
650 1 4 _aArte y simbolismo cristianos
_94853
700 1 _aLafuente Ferrari, Enrique
_etr.
_92561
902 _aGFM
942 _2lcc
_cB
999 _c7239
_d7239